| 000 | 00344nam a2200145Ia 4500 | ||
|---|---|---|---|
| 008 | 150201s2004 xx 000 0 und d | ||
| 082 |
_a616.07 _bB04D |
||
| 100 | _aDRAVID, N.V. | ||
| 245 | _aBLOOD BANK TRANSFUSION TECHNOLOGY | ||
| 250 | _a1ST | ||
| 260 |
_bJAYPEE _aDELHI _c2004 |
||
| 300 | _a1-54 | ||
| 650 | _aPATHOLOGY | ||
| 942 |
_2ddc _cBK _01 |
||
| 999 |
_c1330 _d1330 |
||